000
00319nam a2200133Ia 4500
008
190723s9999 xx 000 0 und d
020
_a
978-969-8261-51-1
100
_a
Abdul Mobin Khan
245
0
_a
Bacterial Genetics
250
_a
3rd
260
_a
Karachi
_b
Time Publisher
_c
2011
300
_a
304.:p
942
_c
BK
999
_c
1627
_d
1627